000 00679nam a2200181 4500
008 050704s1987 -hk 000 0 chi
020 _a9622442455 :HK38/33.10/Php229.26
090 _aBV4832.2
_bT66g
100 1 _aTozer, A. W.
_q(Aiden Wilson),
_d1897-1963.
245 1 0 _aGod tells the man who cares {ch} /
_cA.W. Tozer ; compiled by Anita M. Bailey.
250 _aChinese ed.
260 _aHong Kong :
_bChina Alliance Press,
_c1987.
300 _a192 p.
500 _aOriginally published in English by Christian Publications,1970.
650 4 _aMeditations {ch} .
700 1 _aBailey, Anita M.
951 _pC-6639
_x00031101
_oBV4832.2/T66g
_j070613111502296
_d2000-12-21
_cCH
999 _c23737
_d23737